| 000 | 00400nam a2200133Ia 4500 | ||
|---|---|---|---|
| 005 | 20260326100028.0 | ||
| 008 | 260326s9999||||xx |||||||||||||| ||und|| | ||
| 100 | _aSaldarriaga Roa, Alberto | ||
| 245 | 0 |
_aGuía de Arquitectura : _b Bogotá de la Colonia al Siglo XX / _cAlberto Saldarriaga Roa |
|
| 260 | _bUniversidad de los Andes | ||
| 300 | _a315 p. | ||
| 650 | _aARQUITECTURA REGIONAL | ||
| 942 | _cBK | ||
| 999 |
_c6505 _d6505 |
||